Filosofía, sociedad, lenguaje Ortega y Gasset

Spremljeno u:
Bibliografski detalji
Glavni autori: Vial Larraín, Juan de Dios (Autor), Velozo, Raúl (Autor), Godoy, Oscar (Autor), Acevedo Guerra, Jorge (Autor), Arbea, Antonio (Autor), Julio, Homero (Autor), Gaete, Arturo (Autor), Salinas, Rolando (Autor), Flores, Luis (Autor)
Format: Knjiga
Jezik:španjolski
Izdano: Santiago Universidad Católica de Chile 1984
Serija:Facultad de Filosofía. Textos, seminarios y ciclos de estudio
Teme:
Oznake: Dodaj oznaku
Bez oznaka, Budi prvi tko označuje ovaj zapis!

MARC

LEADER 00000nam a2200000 a 4500
001 UCZ2625
003 CL-VaPUC
005 20221118101455.0
008 951005e19841100CL |||||||||||||||||spa|d
999 |c 239192  |d 239190 
040 |c Pontificia Universidad Católica de Valparaíso 
082 0 4 |a 196.1  |b VIA  |2 21 
100 0 |a Vial Larraín, Juan de Dios  |e author  |9 346405 
245 1 0 |a Filosofía, sociedad, lenguaje Ortega y Gasset 
260 |a Santiago  |b Universidad Católica de Chile  |c 1984 
300 |a 122 p 
490 0 |a Facultad de Filosofía. Textos, seminarios y ciclos de estudio 
583 |a last modification  |c 20190618 12:05:39  |k Rodrigo Vera 
600 |a Ortega y Gasset, José,  |d 1883-1955  |9 551380 
650 0 |a Biografías  |9 255210 
650 0 |a Ensayos  |9 268724 
650 0 |a Filosofía española   |9 254895 
650 0 |a Sociología   |9 255410 
650 0 |a Lingüística  |9 265068 
700 0 |a Velozo, Raúl  |e author  |9 346406 
700 0 |a Godoy, Oscar  |e author  |9 346407 
700 0 |a Acevedo Guerra, Jorge  |e author  |9 346408 
700 0 |a Arbea, Antonio  |e author  |9 346409 
700 0 |a Julio, Homero  |e author  |9 346410 
700 |a Gaete, Arturo  |e author  |9 353635 
700 0 |a Salinas, Rolando  |e author  |9 346412 
700 0 |a Flores, Luis  |e author  |9 346413 
942 |c BK  |2 ddc 
945 |d 19951005 00:00:00  |a cmena 
952 |0 0  |1 0  |4 0  |6 196_100000000000000_VIA_1984  |7 0  |8 A  |9 250092  |a BIBEDU  |b BIBEDU  |d 2019-11-18  |i 1569015  |o 196.1 VIA 1984  |p 1569015  |r 2019-11-18  |w 2019-11-18  |y BK  |k FIL 
952 |0 0  |1 0  |4 0  |6 196_100000000000000_VIA_1984  |7 0  |8 A  |9 250093  |a BIBEDU  |b BIBEDU  |d 2019-11-18  |i 1569023  |o 196.1 VIA 1984  |p 1569023  |r 2019-11-18  |w 2019-11-18  |y BK  |k FIL